[Event "NATO-ch"]
[Site "Quebec CAN"]
[Date "2014.09.09"]
[Round "3.12"]
[White "Hansen, Steven E"]
[Black "Koopmeiners, Karl"]
[Result "1/2-1/2"]
[WhiteElo "2102"]
[BlackElo "2023"]
[PlyCount "69"]
[EventDate "2014.09.08"]
[EventType "swiss"]
[EventRounds "7"]
[EventCountry "CAN"]
[Source "Chess Mix"]
[WhiteTeam "Denmark"]
[BlackTeam "NATO2"]
[WhiteTeamCountry "DEN"]

1. d4 d5 2. c4 c6 3. Nc3 Nf6 4. cxd5 cxd5 5. Bf4 Nc6 6. e3 a6 7. Bd3 e6 8. Rc1
Be7 9. Nf3 O-O 10. O-O Nh5 11. Ne5 Nxf4 12. Nxc6 bxc6 13. exf4 g6 14. Na4 Qd6
15. g3 Bf6 16. Bb1 Bd7 17. Nc5 Rfb8 18. Qd2 Rb6 19. Rfd1 Bc8 20. Qc3 Qb8 21. b3
a5 22. Bd3 Be7 23. Bf1 Bxc5 24. dxc5 Rb4 25. Rd4 Ba6 26. Bxa6 Rxa6 27. f3 Ra7
28. Kf2 Rab7 29. Rxb4 axb4 30. Qe5 Qxe5 31. fxe5 Ra7 32. Rc2 f5 33. h4 Kg7 34.
Ke3 Kh6 35. Kf4 1/2-1/2

[Event "NATO-ch"]
[Site "Quebec CAN"]
[Date "2014.09.09"]
[Round "3.13"]
[White "Karbowiak, Adam"]
[Black "Farrell, John"]
[Result "0-1"]
[WhiteElo "2088"]
[BlackElo "2054"]
[PlyCount "108"]
[EventDate "2014.09.08"]
[EventType "swiss"]
[EventRounds "7"]
[EventCountry "CAN"]
[Source "Chess Mix"]
[WhiteTeam "Poland"]
[BlackTeam "NATO1"]
[WhiteTeamCountry "POL"]

1. Nf3 Nf6 2. g3 g6 3. b4 d5 4. Bb2 Bg7 5. Bg2 O-O 6. O-O Nbd7 7. d4 Nb6 8. Ne5
c6 9. Nd2 Na4 10. Rb1 Nxb2 11. Rxb2 Qc7 12. c4 dxc4 13. Ndxc4 Nd7 14. Nf3 Nb6
15. Na5 Nd5 16. Qd2 a6 17. Rc1 Re8 18. e4 Nf6 19. e5 Nd5 20. Ng5 Qd8 21. f4 h6
22. Ne4 Qb6 23. Nc4 Qd8 24. a4 Kh7 25. b5 axb5 26. axb5 Bd7 27. Nc5 Bc8 28. Ne3
Ra3 29. Nc4 Ra7 30. Be4 Bf8 31. e6 f5 32. Bf3 Bg7 33. bxc6 bxc6 34. Ne5 Bxe5
35. dxe5 Ra5 36. Nd7 Qc7 37. Kg2 Qa7 38. Rxc6 Ne3+ 39. Kh1 Ra1+ 40. Rc1 Ra3 41.
Bc6 Ra1 42. Rb3 Ng4 43. Rxa1 Qxa1+ 44. Kg2 Ba6 45. Rf3 Rc8 46. h3 Rxc6 47. hxg4
fxg4 48. Nf6+ Kg7 49. Nxg4 Rc1 50. Qd8 Rc2+ 51. Rf2 Qf1+ 52. Kf3 Bb7+ 53. Ke3
Qe1+ 54. Kd3 Qc3# 0-1

[Event "NATO-ch"]
[Site "Quebec CAN"]
[Date "2014.09.09"]
[Round "3.14"]
[White "Musselman, Charles"]
[Black "Onley, David"]
[Result "0-1"]
[WhiteElo "1995"]
[BlackElo "2120"]
[PlyCount "118"]
[EventDate "2014.09.08"]
[EventType "swiss"]
[EventRounds "7"]
[EventCountry "CAN"]
[Source "Chess Mix"]
[WhiteTeam "NATO2"]
[BlackTeam "United Kingdom"]

1. b4 e5 2. Bb2 Bxb4 3. Bxe5 Nf6 4. a3 Ba5 5. e3 Nc6 6. Bb2 O-O 7. Nf3 d5 8.
Be2 Re8 9. O-O Qe7 10. d4 Ne4 11. c4 dxc4 12. Bxc4 Bg4 13. h3 Bh5 14. Be2 Rad8
15. Qc2 Bg6 16. Bd3 Qd6 17. Nc3 Nxc3 18. Bxc3 Bxc3 19. Qxc3 Bxd3 20. Qxd3 Ne5
21. Nxe5 Qxe5 22. Qc3 Qd6 23. Rfc1 c6 24. a4 Qd5 25. Rab1 Rd7 26. a5 Re6 27.
Qc5 Qxc5 28. Rxc5 Kf8 29. Rb3 Ke8 30. f3 Kd8 31. e4 Red6 32. d5 cxd5 33. exd5
Rc7 34. Rxc7 Kxc7 35. Rc3+ Kb8 36. Rd3 Ra6 37. d6 Kc8 38. d7+ Kd8 39. Rd5 Rc6
40. Kf2 Rc7 41. Ke3 Rxd7 42. Kd4 b5 43. axb6 axb6 44. Kc4 Rxd5 45. Kxd5 Kd7 46.
g3 g5 47. Ke5 h5 48. Kf5 b5 49. Kxg5 b4 50. Kxh5 b3 51. f4 b2 52. f5 b1=Q 53.
g4 Ke7 54. h4 Qe4 55. Kg5 f6+ 56. Kh5 Kf7 57. g5 Qf3+ 58. Kh6 Qxf5 59. h5 Qxg5+
0-1

[Event "NATO-ch"]
[Site "Quebec CAN"]
[Date "2014.09.09"]
[Round "3.15"]
[White "Szczesniak, Andrzej"]
[Black "Macaspac, Arthur"]
[Result "0-1"]
[WhiteElo "1969"]
[BlackElo "2106"]
[PlyCount "112"]
[EventDate "2014.09.08"]
[EventType "swiss"]
[EventRounds "7"]
[EventCountry "CAN"]
[Source "Chess Mix"]
[WhiteTeam "NATO1"]
[BlackTeam "USA"]

1. c4 e5 2. Nc3 Nf6 3. g3 Nc6 4. Bg2 Be7 5. Nf3 O-O 6. d4 d6 7. h3 h6 8. O-O
Bf5 9. d5 Nb8 10. Nh4 Bh7 11. e4 Nbd7 12. Be3 Nc5 13. Qc2 a5 14. a3 Nfd7 15.
Nf5 Bxf5 16. exf5 a4 17. f4 exf4 18. Bxf4 Bg5 19. Ne4 Bxf4 20. Rxf4 Nxe4 21.
Bxe4 Qf6 22. Qc3 Qxc3 23. bxc3 Rfe8 24. Kf2 Re5 25. Bc2 Nc5 26. Re1 f6 27. g4
Ra6 28. Rb1 Ra8 29. Re1 Kf7 30. Rd4 Rae8 31. Rdd1 Ke7 32. Rb1 Kd7 33. Rxe5 dxe5
34. h4 Kd6 35. Ke3 b6 36. Rg1 Rh8 37. Rb1 Ra8 38. Rg1 Nb3 39. Rb1 Kc5 40. Bd3
Rh8 41. Rb2 h5 42. g5 fxg5 43. hxg5 h4 44. f6 gxf6 45. gxf6 Rf8 46. Rf2 h3 47.
f7 Na5 48. Ke4 Nxc4 49. Bxc4 Kxc4 50. Kxe5 h2 51. Rxh2 Rxf7 52. Rh4+ Kb3 53.
Rb4+ Kxa3 54. d6 cxd6+ 55. Kxd6 Rf5 56. Kc6 b5 0-1

[Event "NATO-ch"]
[Site "Quebec CAN"]
[Date "2014.09.09"]
[Round "3.16"]
[White "Csizmadia, Csaba"]
[Black "Hater, David"]
[Result "1-0"]
[WhiteElo "1863"]
[BlackElo "2034"]
[PlyCount "47"]
[EventDate "2014.09.08"]
[EventType "swiss"]
[EventRounds "7"]
[EventCountry "CAN"]
[Source "Chess Mix"]
[WhiteTeam "Hungary"]
[BlackTeam "USA"]
[WhiteTeamCountry "HUN"]

1. d4 Nf6 2. c4 g6 3. Nc3 d5 4. Qb3 c6 5. Nf3 Bg7 6. e3 O-O 7. h3 e6 8. Bd3
Nbd7 9. O-O Nb6 10. Ne5 Nfd7 11. f4 Nxe5 12. fxe5 dxc4 13. Bxc4 Nxc4 14. Qxc4
Qb6 15. b3 Rd8 16. Ba3 Bf8 17. Bxf8 Kxf8 18. Rf6 Kg7 19. Raf1 Rf8 20. Ne4 Bd7
21. Nd6 Be8 22. R1f3 a5 23. Qf1 Qc7 24. Rxe6 1-0

[Event "NATO-ch"]
[Site "Quebec CAN"]
[Date "2014.09.09"]
[Round "3.18"]
[White "Aagaard, Gert"]
[Black "Rosseel, Kimball"]
[Result "1-0"]
[WhiteElo "2041"]
[BlackElo "1808"]
[PlyCount "97"]
[EventDate "2014.09.08"]
[EventType "swiss"]
[EventRounds "7"]
[EventCountry "CAN"]
[Source "Chess Mix"]
[WhiteTeam "Denmark"]
[BlackTeam "Belgium"]
[WhiteTeamCountry "DEN"]
[BlackTeamCountry "BEL"]

1. d4 d6 2. Nf3 g6 3. Bg5 Bg7 4. c4 Nd7 5. Nc3 c6 6. e3 Qc7 7. Be2 Ngf6 8. Qc2
O-O 9. O-O e5 10. Rac1 Re8 11. Rfd1 Nf8 12. b4 h6 13. Bh4 g5 14. Bg3 Nh5 15. c5
Nxg3 16. hxg3 d5 17. e4 exd4 18. Nxd4 dxe4 19. Nxe4 Bxd4 20. Rxd4 Qe5 21. Qd2
Bf5 22. Nc3 Qe7 23. g4 Be6 24. Rd1 Ng6 25. Rd6 Kg7 26. a3 Bb3 27. Rb1 Be6 28.
Bf3 Rad8 29. Ne4 Ne5 30. Qd4 f6 31. Rd1 Rxd6 32. cxd6 Qd8 33. Qxa7 Bxg4 34.
Bxg4 Nxg4 35. Qxb7+ Kg6 36. Qxc6 Ne5 37. Qd5 Nd7 38. Nc5 Re5 39. Qc6 Nxc5 40.
bxc5 Qa5 41. d7 Re1+ 42. Rxe1 Qxe1+ 43. Kh2 Qxf2 44. Qe4+ f5 45. Qe6+ Kh5 46.
Qf7+ Kg4 47. Qc4+ f4 48. Qe6+ Kh5 49. d8=Q 1-0

[Event "NATO-ch"]
[Site "Quebec CAN"]
[Date "2014.09.09"]
[Round "3.19"]
[White "Simard, Francois"]
[Black "Tucker, David Sidney"]
[Result "1-0"]
[WhiteElo "1961"]
[BlackElo "2042"]
[PlyCount "99"]
[EventDate "2014.09.08"]
[EventType "swiss"]
[EventRounds "7"]
[EventCountry "CAN"]
[Source "Chess Mix"]
[WhiteTeam "Canada"]
[BlackTeam "United Kingdom"]
[WhiteTeamCountry "CAN"]

1. d4 Nf6 2. Nf3 g6 3. Bg5 Bg7 4. Qc1 h6 5. Bf4 d6 6. c4 Nbd7 7. Nc3 Nh5 8. Bd2
c5 9. d5 a6 10. e4 Rb8 11. Bd3 g5 12. h4 g4 13. Nh2 Ne5 14. Be2 f5 15. Nf1 fxe4
16. Ng3 Nxg3 17. fxg3 Bf5 18. O-O Qd7 19. Qc2 b5 20. cxb5 axb5 21. Bxb5 Rxb5
22. Nxb5 O-O 23. Qa4 Nd3 24. Bc3 Nxb2 25. Bxb2 Bxb2 26. Rab1 Bd4+ 27. Kh2 e3
28. Rbe1 Rb8 29. Rxf5 Qxf5 30. Nxd4 cxd4 31. Qxd4 Rb5 32. Qxe3 Rxd5 33. Qxe7
Re5 34. Rxe5 dxe5 35. a4 e4 36. Qd8+ Kg7 37. Qc7+ Kg6 38. Qb6+ Kg7 39. a5 e3
40. Qb2+ Kh7 41. a6 Qf2 42. Qb7+ Kg6 43. Qe4+ Kg7 44. Qxg4+ Kh7 45. Qe4+ Kg7
46. a7 e2 47. a8=Q e1=Q 48. Qab7+ Kf8 49. Qbe7+ Kg8 50. Q4h7# 1-0

[Event "NATO-ch"]
[Site "Quebec CAN"]
[Date "2014.09.09"]
[Round "3.20"]
[White "Kruit, Erik"]
[Black "De, Bock Lennart"]
[Result "1-0"]
[WhiteElo "2024"]
[BlackElo "1896"]
[PlyCount "55"]
[EventDate "2014.09.08"]
[EventType "swiss"]
[EventRounds "7"]
[EventCountry "CAN"]
[Source "Chess Mix"]
[WhiteTeam "The Netherlands"]
[BlackTeam "Belgium"]
[BlackTeamCountry "BEL"]

1. e4 d6 2. d4 Nf6 3. Bd3 e5 4. c3 Be7 5. Ne2 h6 6. O-O g5 7. Ng3 c6 8. a4 Be6
9. b4 Nbd7 10. a5 a6 11. Na3 Nf8 12. dxe5 dxe5 13. Be3 Ng6 14. Bb6 Qd7 15. Qc2
O-O 16. Rad1 Qe8 17. Nc4 Nd7 18. Nf5 Kh7 19. Bc7 Bxc4 20. Bxc4 f6 21. Be6 Nb8
22. Qb3 Nf4 23. Nxe7 Qxe7 24. Bf5+ Kg7 25. Bxb8 Rd8 26. Rxd8 Qxd8 27. Rd1 Qxd1+
28. Qxd1 1-0

[Event "NATO-ch"]
[Site "Quebec CAN"]
[Date "2014.09.09"]
[Round "3.22"]
[White "Dekker, Ard"]
[Black "Bielawski, Michal"]
[Result "0-1"]
[WhiteElo "1940"]
[BlackElo "2051"]
[PlyCount "152"]
[EventDate "2014.09.08"]
[EventType "swiss"]
[EventRounds "7"]
[EventCountry "CAN"]
[Source "Chess Mix"]
[WhiteTeam "The Netherlands"]
[BlackTeam "Poland"]
[BlackTeamCountry "POL"]

1. Nf3 Nf6 2. d4 d5 3. Bf4 e6 4. e3 c5 5. c3 Nc6 6. Bd3 Be7 7. O-O O-O 8. Nbd2
c4 9. Bc2 b5 10. e4 dxe4 11. Nxe4 Nd5 12. Bd2 f5 13. Ng3 Bd7 14. Re1 a5 15. Qe2
a4 16. a3 h6 17. Ne5 Nxe5 18. Qxe5 Bf6 19. Qe2 Qc7 20. Qf3 Qd6 21. Nh5 Rae8 22.
Nxf6+ Rxf6 23. Re5 g5 24. Rae1 Ref8 25. g3 Bc6 26. Qe2 Nc7 27. f3 Bd5 28. Qf2
Qc6 29. Bd1 Kg7 30. Be2 Ne8 31. f4 g4 32. Bf1 Nd6 33. R5e3 Ne4 34. Qe2 Rg6 35.
Rc1 h5 36. Be1 Rh8 37. Bg2 Kf7 38. Rc2 Qd6 39. Qf1 Rgh6 40. Bxe4 Bxe4 41. Rd2
Rf6 42. Qf2 Rd8 43. Qf1 Bb7 44. Qf2 Qc6 45. Qg2 Qxg2+ 46. Rxg2 Bxg2 47. Kxg2
Rd5 48. Kf1 Rh6 49. Ke2 Rh8 50. Kd2 Ke7 51. Re2 Kd6 52. Ke3 Kc6 53. Bf2 Rc8 54.
Kd2 Kd7 55. Kc2 Rf8 56. Re1 Ke7 57. Kd2 e5 58. fxe5 f4 59. Re4 fxg3 60. Bxg3
Ke6 61. Ke2 Rd7 62. Bh4 Rf3 63. Bg3 Re7 64. Rf4 Rxf4 65. Bxf4 Kd5 66. Ke3 Rf7
67. Bg3 Rf1 68. Bf2 Rb1 69. Kf4 Rxb2 70. Bg3 Ke6 71. Kg5 Rb3 72. Kxh5 Rxa3 73.
Kxg4 Rxc3 74. h4 Rd3 75. h5 Rxd4+ 76. Kg5 Rd7 0-1

[Event "NATO-ch"]
[Site "Quebec CAN"]
[Date "2014.09.09"]
[Round "3.23"]
[White "Stuhr, Finn"]
[Black "Demjen, Attila"]
[Result "0-1"]
[WhiteElo "1800"]
[BlackElo "2007"]
[PlyCount "32"]
[EventDate "2014.09.08"]
[EventType "swiss"]
[EventRounds "7"]
[EventCountry "CAN"]
[Source "Chess Mix"]
[WhiteTeam "Denmark"]
[BlackTeam "Hungary"]
[WhiteTeamCountry "DEN"]
[BlackTeamCountry "HUN"]

1. e4 c6 2. d4 d5 3. e5 Bf5 4. f4 e6 5. Nf3 h6 6. Bd3 Bxd3 7. Qxd3 Qa5+ 8. Bd2
Qa6 9. Qb3 Nd7 10. c3 Ne7 11. g4 h5 12. Rg1 hxg4 13. Rxg4 Nf5 14. Qc2 Be7 15.
Bc1 O-O-O 16. Nbd2 Ne3 0-1

[Event "NATO-ch"]
[Site "Quebec CAN"]
[Date "2014.09.09"]
[Round "3.24"]
[White "Wells, Daniel"]
[Black "Middaugh, Jon S"]
[Result "1-0"]
[WhiteElo "2002"]
[BlackElo "1767"]
[PlyCount "37"]
[EventDate "2014.09.08"]
[EventType "swiss"]
[EventRounds "7"]
[EventCountry "CAN"]
[Source "Chess Mix"]
[WhiteTeam "United Kingdom"]
[BlackTeam "USA"]

1. e4 c6 2. d4 d5 3. e5 Bf5 4. Nf3 e6 5. Be2 h6 6. O-O c5 7. c4 Nc6 8. Be3 cxd4
9. Nxd4 Bxb1 10. Rxb1 Nxe5 11. cxd5 Qxd5 12. Qa4+ Ke7 13. Nb5 f6 14. Nc7 Qd8
15. Nxa8 Qxa8 16. Rbc1 Nc6 17. Bf3 Kd7 18. Rfd1+ Kc7 19. Qa5+ 1-0

[Event "NATO-ch"]
[Site "Quebec CAN"]
[Date "2014.09.09"]
[Round "3.25"]
[White "Chwieseni, Edward"]
[Black "Dusak, Aljaz"]
[Result "0-1"]
[WhiteElo "1739"]
[BlackElo "1970"]
[PlyCount "80"]
[EventDate "2014.09.08"]
[EventType "swiss"]
[EventRounds "7"]
[EventCountry "CAN"]
[Source "Chess Mix"]
[WhiteTeam "United Kingdom"]
[BlackTeam "Slovenia"]
[BlackTeamCountry "SLO"]

1. e4 d6 2. Nf3 g6 3. g3 Bg7 4. Bg2 e5 5. O-O Ne7 6. d3 O-O 7. c3 c5 8. Be3 Na6
9. Nbd2 Nc7 10. Qc2 Ne6 11. Nc4 f5 12. Rad1 f4 13. Bc1 g5 14. Qb3 Ng6 15. a4 g4
16. Ne1 f3 17. Bh1 Kh8 18. Ne3 Ng5 19. h4 Nxh4 20. Nxg4 Nh3+ 21. Kh2 Bxg4 22.
d4 cxd4 23. cxd4 exd4 24. Rd3 Rc8 25. Qd1 Qf6 26. Nxf3 Nxf3+ 27. Bxf3 Bxf3 28.
Rxf3 Qxf3 29. Qxf3 Rxf3 30. Kxh3 Be5 31. Kg2 Rcf8 32. Bf4 Rb3 33. Bxe5+ dxe5
34. f4 Rxb2+ 35. Kh3 d3 36. f5 d2 37. f6 Rxf6 38. Rxf6 d1=Q 39. Rf8+ Kg7 40.
Rf5 h5 0-1

[Event "NATO-ch"]
[Site "Quebec CAN"]
[Date "2014.09.09"]
[Round "3.26"]
[White "Lebrun, Roger"]
[Black "Papler, Peter"]
[Result "1-0"]
[WhiteElo "1976"]
[BlackElo "1613"]
[PlyCount "83"]
[EventDate "2014.09.08"]
[EventType "swiss"]
[EventRounds "7"]
[EventCountry "CAN"]
[Source "Chess Mix"]
[WhiteTeam "Canada 2"]
[BlackTeam "Slovenia"]
[BlackTeamCountry "SLO"]

1. e4 d6 2. d4 g6 3. f4 Bg7 4. Nf3 e6 5. Bd3 Ne7 6. Be3 O-O 7. c3 c6 8. Nbd2
Na6 9. Qe2 Nc7 10. O-O-O b5 11. g4 a5 12. h4 f5 13. gxf5 exf5 14. e5 Be6 15.
Kb1 Ncd5 16. Ng5 Bc8 17. Ndf3 h6 18. Nh3 Be6 19. Bc1 a4 20. Bd2 Re8 21. h5 Nb6
22. Rdg1 Nc4 23. Nh4 dxe5 24. fxe5 Nxd2+ 25. Qxd2 Qd5 26. a3 Qa2+ 27. Kc1 Bd5
28. Bb1 Qa1 29. Re1 g5 30. Nxg5 hxg5 31. Qxg5 Kh7 32. Nxf5 Nxf5 33. Qxf5+ Kg8
34. Qh7+ Kf8 35. Rhf1+ Ke7 36. Qxg7+ Kd8 37. h6 Ba2 38. Qh7 Ra7 39. Qe4 Kc7 40.
h7 Kb6 41. Rf6 Bd5 42. Qxd5 1-0

[Event "NATO-ch"]
[Site "Quebec CAN"]
[Date "2014.09.09"]
[Round "3.27"]
[White "Echavarria Hidalgo, Fernando"]
[Black "Keough, Robert"]
[Result "0-1"]
[WhiteElo "1788"]
[BlackElo "2069"]
[PlyCount "140"]
[EventDate "2014.09.08"]
[EventType "swiss"]
[EventRounds "7"]
[EventCountry "CAN"]
[Source "Chess Mix"]
[WhiteTeam "NATO1"]
[BlackTeam "USA"]

1. e4 c5 2. Nf3 a6 3. d4 cxd4 4. Nxd4 e5 5. Nf3 Nf6 6. Bc4 Qc7 7. Bb3 Nc6 8.
O-O Bc5 9. Nc3 O-O 10. Nd5 Nxd5 11. Qxd5 d6 12. Qd1 Bg4 13. c3 Kh8 14. Bc2 Rad8
15. h3 Bh5 16. Be3 Ne7 17. Qe2 f6 18. Bxc5 dxc5 19. Rad1 Ng6 20. g3 b5 21. Kh2
c4 22. Qe3 Qc8 23. Rxd8 Rxd8 24. Ng1 Nf8 25. g4 Be8 26. Rd1 Ne6 27. Rxd8 Qxd8
28. Ne2 Qd6 29. Kg3 h5 30. f3 Nc5 31. Nc1 a5 32. a3 Ne6 33. Ne2 Nc5 34. Nc1 g5
35. Qe2 Kg7 36. Qd1 Qc7 37. Qd2 Bf7 38. Qd1 Ne6 39. Ne2 Qb6 40. Qd2 Kf8 41. Bd1
Ke7 42. Bc2 Nc5 43. Nc1 Na6 44. Kg2 b4 45. cxb4 axb4 46. axb4 Nxb4 47. Ba4 Qd6
48. Qc3 hxg4 49. hxg4 Be6 50. b3 Nd3 51. bxc4 Nf4+ 52. Kf2 Qc5+ 53. Ke1 Qg1+
54. Kd2 Qf2+ 55. Kd1 Qf1+ 56. Kc2 Bxc4 57. Qb4+ Kf7 58. Qb7+ Kg8 59. Qc8+ Kg7
60. Qd7+ Kh6 61. Qd8 Qf2+ 62. Kb1 Ng6 63. Qxf6 Qa7 64. Be8 Qb8+ 65. Kc2 Qxe8
66. Qb6 Qf7 67. Qb2 Qxf3 68. Kb1 Qxe4+ 69. Ka1 Qxg4 70. Qb4 Qd4+ 0-1

[Event "NATO-ch"]
[Site "Quebec CAN"]
[Date "2014.09.09"]
[Round "3.37"]
[White "Murray, Brian"]
[Black "Tremblay, Mario"]
[Result "1-0"]
[WhiteElo "1633"]
[BlackElo "1653"]
[PlyCount "61"]
[EventDate "2014.09.08"]
[EventType "swiss"]
[EventRounds "7"]
[EventCountry "CAN"]
[Source "Chess Mix"]
[WhiteTeam "Canada 2"]
[BlackTeam "Canada"]
[BlackTeamCountry "CAN"]

1. e4 Nf6 2. e5 Nd5 3. c4 Nb6 4. d4 d6 5. Nf3 Bg4 6. Be2 Nc6 7. Nc3 g6 8. O-O
Bg7 9. Bf4 Bxf3 10. Bxf3 Nxc4 11. Bxc6+ bxc6 12. Qe2 Nb6 13. b4 O-O 14. a4 Nd5
15. Nxd5 cxd5 16. b5 Qd7 17. Rfc1 Rfc8 18. Rc6 Rab8 19. a5 a6 20. Rxa6 Rxb5 21.
Ra7 Rcb8 22. Rc1 Qc8 23. g3 R8b7 24. exd6 Rb2 25. Qxe7 Bxd4 26. d7 Qxd7 27.
Qxd7 Bxa7 28. Qe8+ Kg7 29. Qe5+ Kg8 30. Bh6 Bxf2+ 31. Kf1 1-0

[Event "NATO-ch"]
[Site "Quebec CAN"]
[Date "2014.09.10"]
[Round "4"]
[White "Lambruschini, Alex"]
[Black "Pirs, Matjaz2"]
[Result "1/2-1/2"]
[WhiteElo "1928"]
[BlackElo "2051"]
[PlyCount "91"]
[EventDate "2014.09.08"]
[EventType "swiss"]
[EventRounds "7"]
[EventCountry "CAN"]
[Source "ChessBase"]
[SourceDate "2014.11.20"]
[WhiteTeam "Canada"]
[BlackTeam "Slovenia"]
[WhiteTeamCountry "CAN"]
[BlackTeamCountry "SLO"]

1. d4 Nf6 2. c4 e5 3. dxe5 Ng4 4. Nf3 Bc5 5. e3 Nc6 6. Be2 Ngxe5 7. Nxe5 Nxe5
8. Nd2 O-O 9. Nf3 Qe7 10. Nxe5 Qxe5 11. O-O d6 12. Qd5 Qf6 13. Qf3 Qg6 14. Bd2
a5 15. Bc3 Bb4 16. Rac1 Bxc3 17. Rxc3 Bf5 18. Rd1 b6 19. Bd3 Bxd3 20. Rcxd3
Rae8 21. Qc6 Re7 22. a3 Qf6 23. b4 axb4 24. axb4 Qe6 25. Ra3 Qe4 26. Qxe4 Rxe4
27. Rd4 Rxd4 28. exd4 f5 29. Ra7 Re8 30. Kf1 Re7 31. d5 Kf7 32. b5 g5 33. f3
Kf6 34. Ra2 h5 35. h3 g4 36. hxg4 hxg4 37. fxg4 fxg4 38. Re2 Rh7 39. Re4 Kf5
40. Rd4 Rh1+ 41. Kf2 Rc1 42. Kg3 Rc3+ 43. Kh4 g3 44. Rg4 Kf6 45. Rf4+ Ke5 46.
Rg4 1/2-1/2

[Event "NATO-ch"]
[Site "Quebec CAN"]
[Date "2014.09.10"]
[Round "4"]
[White "Leblanc, Paul"]
[Black "Nielsen, Jan Mose"]
[Result "0-1"]
[WhiteElo "1942"]
[BlackElo "2096"]
[PlyCount "74"]
[EventDate "2014.09.08"]
[EventType "swiss"]
[EventRounds "7"]
[EventCountry "CAN"]
[Source "ChessBase"]
[SourceDate "2014.11.20"]
[WhiteTeam "Canada II"]
[BlackTeam "Denmark"]
[WhiteTeamCountry "CAN"]
[BlackTeamCountry "DEN"]

1. d4 c5 2. d5 g6 3. c4 d6 4. Nc3 Bg7 5. e4 Nf6 6. Bd3 a6 7. a4 Nbd7 8. Nf3 O-O
9. h3 e5 10. O-O Nh5 11. Ne2 f5 12. Ng5 Ndf6 13. exf5 gxf5 14. Ng3 Nxg3 15.
fxg3 e4 16. Bc2 Qe8 17. Bf4 Qe7 18. h4 Ng4 19. Nh3 Bxb2 20. Rb1 Bd4+ 21. Kh1
Qc7 22. Qd2 Bd7 23. a5 Rae8 24. Rb6 Be5 25. Rfb1 Bc8 26. Ng5 e3 27. Qe2 Qe7 28.
Kg1 h6 29. Ne6 Bxe6 30. dxe6 Qxe6 31. Rxb7 Bxf4 32. gxf4 Qf6 33. g3 Rf7 34.
R7b6 Rg7 35. Rd1 Nf2 36. Rdxd6 Qxh4 37. Qxe3 Rxg3+ 0-1

[Event "NATO-ch"]
[Site "Quebec CAN"]
[Date "2014.09.10"]
[Round "4.1"]
[White "Sypien, Mateusz"]
[Black "Andersen, Hans Christoph"]
[Result "1/2-1/2"]
[WhiteElo "2257"]
[BlackElo "2223"]
[PlyCount "46"]
[EventDate "2014.09.08"]
[EventType "swiss"]
[EventRounds "7"]
[EventCountry "CAN"]
[Source "Chess Mix"]
[WhiteTeam "Poland"]
[BlackTeam "Germany"]
[WhiteTeamCountry "POL"]
[BlackTeamCountry "GER"]

1. c4 f5 2. g3 Nf6 3. Bg2 g6 4. Nc3 Bg7 5. d3 O-O 6. e3 d6 7. Nge2 e5 8. O-O a5
9. Rb1 c6 10. a3 Be6 11. b4 axb4 12. axb4 Nbd7 13. b5 Qc7 14. Qd2 Nc5 15. Rd1
d5 16. bxc6 bxc6 17. cxd5 cxd5 18. Nb5 Qd7 19. Ba3 Rfb8 20. Nec3 Na4 21. d4
Nxc3 22. Nxc3 Rxb1 23. Nxb1 e4 1/2-1/2

[Event "NATO-ch"]
[Site "Quebec CAN"]
[Date "2014.09.10"]
[Round "4.2"]
[White "Sycz, Dariusz"]
[Black "Drabke, Lorenz"]
[Result "0-1"]
[WhiteElo "2139"]
[BlackElo "2457"]
[PlyCount "62"]
[EventDate "2014.09.08"]
[EventType "swiss"]
[EventRounds "7"]
[EventCountry "CAN"]
[Source "Chess Mix"]
[WhiteTeam "Poland"]
[BlackTeam "Germany"]
[WhiteTeamCountry "POL"]
[BlackTeamCountry "GER"]

1. d4 d5 2. Nf3 Nf6 3. g3 c6 4. Bg2 Bg4 5. Nbd2 Nbd7 6. b3 e6 7. Bb2 Bd6 8. Ne5
Bh5 9. Nd3 O-O 10. O-O a5 11. a4 Re8 12. Nf3 c5 13. Nfe5 cxd4 14. Bxd4 Nxe5 15.
Nxe5 Qc7 16. Nf3 e5 17. Bb2 d4 18. Nd2 Bb4 19. Nc4 Rad8 20. Ba3 Bc3 21. Bb2 Bb4
22. Ba3 Bc3 23. Bb2 Bxb2 24. Nxb2 e4 25. Nc4 d3 26. Re1 dxe2 27. Qc1 Rd1 28.
Qb2 Red8 29. Qc3 Rxa1 30. Qxa1 Rd1 31. Qc3 Nd5 0-1

[Event "NATO-ch"]
[Site "Quebec CAN"]
[Date "2014.09.10"]
[Round "4.3"]
[White "Graczyk, Damian"]
[Black "Mestek, Igor"]
[Result "1/2-1/2"]
[WhiteElo "2081"]
[BlackElo "2180"]
[PlyCount "44"]
[EventDate "2014.09.08"]
[EventType "swiss"]
[EventRounds "7"]
[EventCountry "CAN"]
[Source "Chess Mix"]
[WhiteTeam "Poland"]
[BlackTeam "Slovenia"]
[WhiteTeamCountry "POL"]
[BlackTeamCountry "SLO"]

1. d4 d5 2. Nf3 Nf6 3. g3 g6 4. Bg2 Bg7 5. O-O O-O 6. Nbd2 c6 7. c4 Nbd7 8. b3
Re8 9. Bb2 e6 10. Qc2 b6 11. e4 Nxe4 12. Nxe4 dxe4 13. Qxe4 Bb7 14. Ne5 Nxe5
15. dxe5 Qc7 16. h4 Rad8 17. Rad1 Ba8 18. f4 Bf8 19. Bc3 c5 20. Qe2 Bxg2 21.
Kxg2 Rxd1 22. Rxd1 Rd8 1/2-1/2

[Event "NATO-ch"]
[Site "Quebec CAN"]
[Date "2014.09.10"]
[Round "4.4"]
[White "Farrell, John"]
[Black "Papista, Akos"]
[Result "0-1"]
[WhiteElo "2054"]
[BlackElo "2168"]
[PlyCount "76"]
[EventDate "2014.09.08"]
[EventType "swiss"]
[EventRounds "7"]
[EventCountry "CAN"]
[Source "Chess Mix"]
[WhiteTeam "NATO1"]
[BlackTeam "Hungary"]
[BlackTeamCountry "HUN"]

1. c4 e6 2. Nf3 d5 3. d4 Nf6 4. g3 Be7 5. Bg2 O-O 6. O-O dxc4 7. Nbd2 b5 8. a4
c6 9. axb5 cxb5 10. Ne5 Nd5 11. Ne4 Bb7 12. Bd2 Nc6 13. Nxc6 Bxc6 14. b3 cxb3
15. Qxb3 Qb6 16. Rfc1 Rfc8 17. Nc5 a5 18. e4 Nf6 19. Bg5 h6 20. Bxf6 Bxf6 21.
Nxe6 Bxd4 22. Nxd4 Qxd4 23. Rd1 Qe5 24. Qe3 b4 25. Rac1 Ba4 26. Rd5 Rxc1+ 27.
Qxc1 Qc3 28. Qf4 b3 29. e5 Qe1+ 30. Bf1 b2 31. Qxa4 b1=Q 32. Qc4 Qbc1 33. Qb5
Qb1 34. Qc4 Qb6 35. Qc2 Qa6 36. Rd3 Rc8 37. Qb3 a4 38. Qa3 Rc1 0-1

[Event "NATO-ch"]
[Site "Quebec CAN"]
[Date "2014.09.10"]
[Round "4.5"]
[White "Helbig, Mark"]
[Black "Bacus, Dharim"]
[Result "1-0"]
[WhiteElo "2296"]
[BlackElo "2272"]
[PlyCount "95"]
[EventDate "2014.09.08"]
[EventType "swiss"]
[EventRounds "7"]
[EventCountry "CAN"]
[Source "Chess Mix"]
[WhiteTeam "Germany"]
[BlackTeam "USA"]
[WhiteTeamCountry "GER"]

1. c4 Nf6 2. Nc3 e5 3. g3 Bb4 4. Bg2 Nc6 5. Nd5 Bc5 6. e3 O-O 7. a3 a5 8. Ne2
Re8 9. Nec3 d6 10. O-O Nxd5 11. cxd5 Nb8 12. d4 exd4 13. exd4 Bb6 14. Be3 Nd7
15. Qd2 Nf6 16. Na4 Ba7 17. Qxa5 Bd7 18. Qb4 Ng4 19. Rae1 Nxe3 20. fxe3 Bxd4
21. Qxd4 Rxa4 22. Qc3 h5 23. Rf4 Rxf4 24. exf4 h4 25. Rxe8+ Qxe8 26. Kf2 h3 27.
Bf3 Qd8 28. Qd4 Kf8 29. Ke3 Qa8 30. g4 Qc8 31. f5 Qd8 32. f6 gxf6 33. Kf4 Kg7
34. Kg3 Qh8 35. Qc3 Qh6 36. Qxc7 Bb5 37. Qc3 Bf1 38. a4 Qg5 39. b4 Kh6 40. a5
Qe5+ 41. Qxe5 fxe5 42. Kf2 Bc4 43. Ke3 Bb5 44. Be2 Bd7 45. b5 Bc8 46. b6 Kg5
47. Bb5 Kf6 48. Bd7 1-0